00666nam a2200217 a 450000500170000000800410001701000130005802000250007103500130009603700150010904000180012408200060014210000150014824500910016326000280025427000720028230000320035465000320038665000110041870000190042920090907112625.0060731s1999 nyua b 000 0 eng d aB-357066 c60.00a9788126421886 aB-357066 bDBAD / PUB adplbEnglish  aS aAromal T.  aAesop's fables the master and his dogs /cby Aromal T. ; illustrated by Rahulkrishnan  aKeralabDC Books c2008 aDC Kizhakemuri Edam, Good Shepherd Street, KottayambKeralae686001 a17p.:c22cm(pbk) bcol. ill 2Aesop's fablesxAdaptation  2Fables aRahulkrishnan